00612nam a2200181Ia 4500952012900000999001700129003000400146005001700150008004100167040000900208082001800217100002600235245005600261260004100317300000900358650002100367942004200388 00102ddc40708LITaMESbMEScENGd2019-02-20g350.00l0o808.02 USA/Mp22114r2019-02-20 00:00:00w2019-02-20yBKzGR15R1 c14029d14029OSt20201020120026.0190216s9999||||xx |||||||||||||| ||und|| coclc a808.02bUSA/M aUSA, Government95491 2aA Manual Of Style /cUSA Government Printing Office bWings Books Publishers,c1986.aUSA: a479p aEnglish Language cBK2ddch808.02iUSA/Mk808.02mUSA/M